000 00210 a2200097 4500
001 30720
100 _aBowood, R
245 _aThe Story of Sihps
260 _aEnglsand
_bLadybird Bks
_c
090 _c20652
_d20652
942 _aNUST-CAE
_cM
_c11839
999 _c265793
_d265793